The structure of technical english (Record no. 14951)

MARC details
000 -LEADER
fixed length control field 00237nam a22001097a 4500
082 ## - DEWEY DECIMAL CLASSIFICATION NUMBER
Classification number 428.24HER
100 ## - MAIN ENTRY--AUTHOR NAME
Personal name Herbert A J
245 ## - TITLE STATEMENT
Title The structure of technical english
260 ## - PUBLICATION, DISTRIBUTION, ETC. (IMPRINT)
Place of publication London
Name of publisher Longman
Year of publication 1988
300 ## - PHYSICAL DESCRIPTION
Number of Pages 208
942 ## - ADDED ENTRY ELEMENTS (KOHA)
Koha item type Books
Holdings
Withdrawn status Lost status Home library Current library Date acquired Full call number Accession Number Koha item type
    Central Library, QUEST, Nawabshah Central Library, QUEST, Nawabshah 01/12/2015 428.24HER 13771 Books